[Event "Titled Tuesday intern op 11th Jun Late"]
[White "Da Silva, Lindolfo Luiz"]
[Black "Uzuner, Tufan Can"]
[Site "Chess.com INT"]
[Round "8"]
[Result "0-1"]
[Date "2024.06.11"]
[WhiteElo "2182"]
[BlackElo "1886"]
[PlyCount "96"]
[EventDate "2024.06.11"]
[EventType "swiss (blitz)"]
[EventRounds "11"]
[EventCountry "USA"]
[SourceTitle "EXT 2025"]
[Source "ChessBase"]
[SourceDate "2024.10.14"]
[SourceVersion "1"]
[SourceVersionDate "2024.10.14"]
[SourceQuality "1"]

1. e4 c6 2. d4 d5 3. Nc3 dxe4 4. Nxe4 Nf6 5. Nxf6+ exf6 6. Nf3 Bd6 7. Bd3 0-0 8. Be3 Bg4 9. h3 Bh5 10. Qd2 Re8 11. 0-0-0 Nd7 12. g4 Bg6 13. h4 Bxd3 14. Qxd3 Qa5 15. Kb1 Rad8 16. g5 f5 17. h5 Qd5 18. Nh4 g6 19. hxg6 fxg6 20. c4 Qe4 21. Kc2 Nf8 22. Qxe4 Rxe4 23. Nf3 Rde8 24. Rhe1 Bb4 25. Bd2 Bxd2 26. Kxd2 Rxe1 27. Nxe1 Ne6 28. Nf3 Kg7 29. Kd3 Nf4+ 30. Kc3 Re2 31. Rd2 Rxd2 32. Kxd2 h6 33. Ke3 Ne6 34. gxh6+ Kxh6 35. d5 cxd5 36. cxd5 Nd8 37. Nd4 Kg5 38. f4+ Kf6 39. Nb5 a6 40. Nd4 g5 41. fxg5+ Kxg5 42. b4 Kg4 43. a4 Nf7 44. b5 Nd6 45. bxa6 bxa6 46. Ne2 a5 47. Kd4 f4 48. Ke5 f3 0-1

[Event "Titled Tuesday intern op 11th Jun Late"]
[White "Uzuner, Tufan Can"]
[Black "Carrasco Miranda, Andres"]
[Site "Chess.com INT"]
[Round "9"]
[Result "0-1"]
[Date "2024.06.11"]
[WhiteElo "1886"]
[BlackElo "2224"]
[PlyCount "98"]
[EventDate "2024.06.11"]
[EventType "swiss (blitz)"]
[EventRounds "11"]
[EventCountry "USA"]
[SourceTitle "EXT 2025"]
[Source "ChessBase"]
[SourceDate "2024.10.14"]
[SourceVersion "1"]
[SourceVersionDate "2024.10.14"]
[SourceQuality "1"]

1. d4 Nf6 2. Nf3 g6 3. c4 Bg7 4. Nc3 0-0 5. Bg5 h6 6. Bh4 d6 7. e3 c5 8. Be2 cxd4 9. Nxd4 Nc6 10. 0-0 Qa5 11. Nb3 Qc7 12. Bxf6 Bxf6 13. Nd5 Qd7 14. Nxf6+ exf6 15. Bf3 Kg7 16. Bd5 Qe7 17. Nd4 Nxd4 18. Qxd4 Be6 19. Rfd1 Rfd8 20. h3 Rac8 21. b3 b6 22. Rd2 Rc5 23. Bf3 h5 24. Rad1 Re5 25. Qc3 Rg5 26. Kf1 Bc8 27. Rd4 Bb7 28. h4 Rf5 29. Bxb7 Qxb7 30. Rxd6 Rxd6 31. Rxd6 Qe4 32. g3 Qh1+ 33. Ke2 Qf3+ 34. Ke1 Qxf2+ 35. Kd1 Qg2 36. Rd2 Qxg3 37. Qd4 Qf3+ 38. Kc2 Re5 39. Rd3 Re4 40. Qd8 Rxh4 41. Kc3 Re4 42. b4 h4 43. c5 bxc5 44. bxc5 Rxe3 45. Rxe3 Qxe3+ 46. Kc4 h3 47. c6 h2 48. Qd5 Qc1+ 49. Kb5 h1Q 0-1

[Event "Titled Tuesday intern op 04th Jun Late"]
[White "Uzuner, Tufan Can"]
[Black "Deviprasath, Sharvesh"]
[Site "Chess.com INT"]
[Round "4"]
[Result "1-0"]
[Date "2024.06.04"]
[WhiteElo "1886"]
[BlackElo "2393"]
[PlyCount "79"]
[EventDate "2024.06.04"]
[EventType "swiss (blitz)"]
[EventRounds "11"]
[EventCountry "USA"]
[SourceTitle "EXT 2025"]
[Source "ChessBase"]
[SourceDate "2024.10.14"]
[SourceVersion "1"]
[SourceVersionDate "2024.10.14"]
[SourceQuality "1"]

1. d4 e6 2. Nf3 f5 3. g3 Nf6 4. Bg2 Be7 5. Nbd2 0-0 6. b3 a5 7. Bb2 a4 8. c4 a3 9. Bc3 d5 10. 0-0 Ne4 11. Nxe4 fxe4 12. Ne5 Nd7 13. Nxd7 Bxd7 14. f3 exf3 15. exf3 c6 16. f4 Bf6 17. Qd3 Qb6 18. c5 Qc7 19. Rae1 b6 20. b4 bxc5 21. dxc5 Bc8 22. Rf3 Ba6 23. Qd2 Rae8 24. Be5 Bxe5 25. Rxe5 Bc8 26. Rxa3 Qf7 27. Rae3 Qg6 28. Qd3 Qf6 29. a4 Bd7 30. Bh3 Rb8 31. Qc3 h6 32. Bxe6+ Bxe6 33. Rxe6 Qf5 34. Rxc6 Qb1+ 35. Kg2 Rxb4 36. Re2 d4 37. Qc2 Qa1 38. Rd6 Rfb8 39. c6 Rc8 40. c7 1-0

[Event "Titled Tuesday intern op 23rd Apr Late"]
[White "Uzuner, Tufan Can"]
[Black "Korol, Dimitry"]
[Site "Chess.com INT"]
[Round "10"]
[Result "0-1"]
[Date "2024.04.23"]
[WhiteElo "1895"]
[BlackElo "2287"]
[PlyCount "92"]
[EventDate "2024.04.23"]
[EventType "swiss (blitz)"]
[EventRounds "11"]
[EventCountry "USA"]
[SourceTitle "CBM 219 Extra"]
[Source "ChessBase"]
[SourceDate "2024.05.31"]
[SourceVersion "1"]
[SourceVersionDate "2024.05.31"]
[SourceQuality "1"]

1. d4 Nf6 2. Nf3 g6 3. c4 c5 4. Nc3 cxd4 5. Nxd4 Nc6 6. e4 Bg7 7. Be3 0-0 8. Be2 d6 9. 0-0 Bd7 10. Rc1 Nxd4 11. Bxd4 Bc6 12. f3 a5 13. Qd2 Nd7 14. Be3 Nc5 15. Rfd1 Qb6 16. b3 Rfc8 17. Nd5 Bxd5 18. exd5 Qb4 19. Bf1 Bf6 20. Qf2 a4 21. Bd2 Qa3 22. b4 Na6 23. b5 Nb4 24. Bxb4 Qxb4 25. Qd2 Qxd2 26. Rxd2 Bg5 27. Rcd1 Bxd2 28. Rxd2 a3 29. Kf2 Ra4 30. Ke3 Rb4 31. Kd4 Rb1 32. Bd3 Rc1 33. Be2 b6 34. Bd3 Kg7 35. h3 h5 36. f4 h4 37. Be2 Kf6 38. Bd3 e6 39. dxe6 fxe6 40. Rf2 Rc5 41. Be2 d5 42. cxd5 Rxd5+ 43. Ke3 Rc3+ 44. Ke4 Rc2 45. Ke3 Rdd2 46. f5 gxf5 0-1

[Event "Titled Tuesday intern op 23rd Apr Late"]
[White "Uzuner, Tufan Can"]
[Black "Manukian, Artak"]
[Site "Chess.com INT"]
[Round "2"]
[Result "0-1"]
[Date "2024.04.23"]
[WhiteElo "1895"]
[BlackElo "2196"]
[PlyCount "170"]
[EventDate "2024.04.23"]
[EventType "swiss (blitz)"]
[EventRounds "11"]
[EventCountry "USA"]
[SourceTitle "CBM 219 Extra"]
[Source "ChessBase"]
[SourceDate "2024.05.31"]
[SourceVersion "1"]
[SourceVersionDate "2024.05.31"]
[SourceQuality "1"]

1. d4 d5 2. Nf3 Nf6 3. e3 Bg4 4. c4 e6 5. Qb3 Bxf3 6. Qxb7 Nbd7 7. gxf3 Rb8 8. Qxa7 Bb4+ 9. Nc3 0-0 10. Qa4 c5 11. a3 cxd4 12. exd4 Bxc3+ 13. bxc3 dxc4 14. Qxc4 Nd5 15. Qd3 Rb3 16. Bd2 Qe7 17. Be2 Rxa3 18. Rxa3 Qxa3 19. 0-0 Qd6 20. c4 Nf4 21. Bxf4 Qxf4 22. Qe3 Qh4 23. c5 Nf6 24. Kh1 Nd5 25. Qe4 Qf6 26. Bc4 Nf4 27. c6 Rc8 28. Ba6 Rc7 29. Bb7 g5 30. Qe5 Qxe5 31. dxe5 Nd3 32. Rd1 Nxe5 33. Rd6 Kf8 34. Kg2 Ke7 35. Rd2 Nxc6 36. Rc2 Rxb7 37. Rxc6 Rb4 38. Rc7+ Kf6 39. Rc8 h5 40. Rh8 h4 41. h3 Kg7 42. Ra8 Rb7 43. Ra6 Kf6 44. Rc6 Rd7 45. Rb6 Rd5 46. Ra6 Rb5 47. Rc6 Re5 48. Rb6 Re1 49. Ra6 Kf5 50. Ra5+ e5 51. Rb5 f6 52. Ra5 Rc1 53. Rb5 Rc6 54. Ra5 Ke6 55. Rb5 Kd6 56. Ra5 Rb6 57. Ra8 Kd5 58. Rf8 Kd4 59. Rd8+ Kc3 60. Rd7 Rc6 61. Rd8 Kc4 62. Rd7 Kc5 63. Rd8 Rd6 64. Rf8 Kd4 65. Rf7 Kd3 66. Rf8 Kd2 67. Ra8 Ke1 68. Ra1+ Rd1 69. Ra2 Rd2 70. Ra1+ Ke2 71. Rb1 Kd3 72. Ra1 f5 73. Ra5 e4 74. Rxf5 e3 75. Rd5+ Kc3 76. Rxg5 Rxf2+ 77. Kg1 Rxf3 78. Rg4 Rg3+ 79. Kf1 Rxg4 80. hxg4 h3 81. g5 h2 82. Kg2 e2 83. g6 e1Q 84. g7 Qe4+ 85. Kxh2 Qg6 0-1

[Event "Titled Tuesday intern op 26th Mar Late"]
[White "Santos, Isaque Goncalves"]
[Black "Uzuner, Tufan Can"]
[Site "Chess.com INT"]
[Round "10"]
[Result "1-0"]
[Date "2024.03.26"]
[WhiteElo "1980"]
[BlackElo "1895"]
[PlyCount "57"]
[EventDate "2024.03.26"]
[EventType "swiss (blitz)"]
[EventRounds "11"]
[EventCountry "USA"]
[SourceTitle "EXT 2025"]
[Source "ChessBase"]
[SourceDate "2024.10.14"]
[SourceVersion "1"]
[SourceVersionDate "2024.10.14"]
[SourceQuality "1"]

1. d4 Nf6 2. c4 e6 3. Nc3 Bb4 4. e3 0-0 5. Bd3 d5 6. Nge2 c5 7. cxd5 exd5 8. a3 Bxc3+ 9. bxc3 c4 10. Bb1 Nc6 11. 0-0 Na5 12. Bc2 Bd7 13. Rb1 b5 14. Ng3 Re8 15. Re1 a6 16. f3 Nb7 17. e4 Be6 18. e5 Nd7 19. f4 Nf8 20. f5 Bd7 21. Qg4 f6 22. e6 Bc6 23. Nh5 Qe7 24. Nxf6+ Qxf6 25. Bg5 Qxg5 26. Qxg5 Nd6 27. f6 Nxe6 28. Rxe6 Nf7 29. Qxg7# 1-0

[Event "Titled Tuesday intern op 26th Mar Late"]
[White "Uzuner, Tufan Can"]
[Black "Qian, Ashley"]
[Site "Chess.com INT"]
[Round "11"]
[Result "0-1"]
[Date "2024.03.26"]
[WhiteElo "1895"]
[BlackElo "1804"]
[PlyCount "56"]
[EventDate "2024.03.26"]
[EventType "swiss (blitz)"]
[EventRounds "11"]
[EventCountry "USA"]
[SourceTitle "EXT 2025"]
[Source "ChessBase"]
[SourceDate "2024.10.14"]
[SourceVersion "1"]
[SourceVersionDate "2024.10.14"]
[SourceQuality "1"]

1. d4 d5 2. Nf3 Nf6 3. e3 e6 4. Bd3 c5 5. c3 Be7 6. Nbd2 Nc6 7. 0-0 0-0 8. dxc5 Bxc5 9. b4 Be7 10. b5 Nb8 11. c4 Nbd7 12. Bb2 Nc5 13. Be2 Nce4 14. cxd5 Qxd5 15. Bc4 Qh5 16. Nxe4 Nxe4 17. Be5 Rd8 18. Qc2 Nd6 19. Be2 b6 20. Qb2 f6 21. Nd4 Qxe5 22. Bf3 Bb7 23. Qb3 Bxf3 24. gxf3 Qd5 25. Nc6 Qxb3 26. axb3 Rd7 27. Rfd1 Kf7 28. Nxe7 Kxe7 0-1

[Event "Titled Tuesday intern op 26th Mar Late"]
[White "Uzuner, Tufan Can"]
[Black "Reprintsev, Alexander"]
[Site "Chess.com INT"]
[Round "4"]
[Result "0-1"]
[Date "2024.03.26"]
[WhiteElo "1895"]
[BlackElo "2241"]
[PlyCount "64"]
[EventDate "2024.03.26"]
[EventType "swiss (blitz)"]
[EventRounds "11"]
[EventCountry "USA"]
[SourceTitle "EXT 2025"]
[Source "ChessBase"]
[SourceDate "2024.10.14"]
[SourceVersion "1"]
[SourceVersionDate "2024.10.14"]
[SourceQuality "1"]

1. d4 d5 2. Nf3 Nc6 3. Bg5 f6 4. Bh4 Nh6 5. e3 Nf5 6. Bg3 h5 7. Nh4 Nxh4 8. Bxh4 g5 9. Bd3 gxh4 10. Bg6+ Kd7 11. Bxh5 e6 12. Nc3 Bb4 13. Bf3 b6 14. Qd3 a5 15. 0-0-0 Ba6 16. Nb5 Na7 17. a4 c6 18. c3 Be7 19. c4 cxb5 20. cxb5 Bb7 21. Kb1 Nc8 22. Rc1 Nd6 23. b3 Rc8 24. Rxc8 Kxc8 25. Rc1+ Kb8 26. h3 Ne4 27. Rc2 Qd6 28. Kb2 Qa3+ 29. Kb1 Rc8 30. Rxc8+ Bxc8 31. Bxe4 dxe4 32. Qc4 Qd6 0-1

[Event "Titled Tuesday intern op 16th Jan Late"]
[White "Kanyamarala, Trisha"]
[Black "Uzuner, Tufan Can"]
[Site "Chess.com INT"]
[Round "4"]
[Result "1-0"]
[Date "2024.01.16"]
[WhiteElo "2201"]
[BlackElo "1825"]
[PlyCount "73"]
[EventDate "2024.01.16"]
[EventType "swiss (blitz)"]
[EventRounds "11"]
[EventCountry "USA"]
[SourceTitle "CBM 218 Extra"]
[Source "ChessBase"]
[SourceDate "2024.03.31"]
[SourceVersion "1"]
[SourceVersionDate "2024.03.31"]
[SourceQuality "1"]

1. c4 c6 2. Nc3 d5 3. e3 Nf6 4. Nf3 a6 5. b3 Bf5 6. Bb2 e6 7. Be2 Bd6 8. 0-0 h6 9. d3 Bh7 10. Re1 0-0 11. Bf1 Nbd7 12. e4 dxe4 13. Nxe4 Be7 14. Qc2 Qc7 15. Rad1 Rad8 16. a3 a5 17. Qc3 Nc5 18. Nxc5 Bxc5 19. b4 axb4 20. axb4 Be7 21. Ne5 Ne8 22. Ng4 h5 23. Nh6+ Kh8 24. Be2 Bf6 25. Qc1 gxh6 26. Qxh6 Qe7 27. Bxh5 Bxb2 28. d4 Nf6 29. Rd3 Nxh5 30. Qxh5 f5 31. Rh3 Bxd4 32. Rxe6 Qg7 33. Rg6 Rf7 34. Rxg7 Rxg7 35. Qh4 Rgd7 36. g3 Bg7 37. Qxh7# 1-0

[Event "Titled Tuesday intern op 16th Jan Early"]
[White "Smirnov, Alexandr A"]
[Black "Uzuner, Tufan Can"]
[Site "Chess.com INT"]
[Round "4"]
[Result "1-0"]
[Date "2024.01.16"]
[WhiteElo "2136"]
[BlackElo "1825"]
[PlyCount "45"]
[EventDate "2024.01.16"]
[EventType "swiss (blitz)"]
[EventRounds "11"]
[EventCountry "USA"]
[SourceTitle "CBM 218 Extra"]
[Source "ChessBase"]
[SourceDate "2024.03.31"]
[SourceVersion "1"]
[SourceVersionDate "2024.03.31"]
[SourceQuality "1"]

1. e4 c6 2. d4 d5 3. e5 Bf5 4. Nf3 e6 5. Be2 Nd7 6. 0-0 Ne7 7. Nh4 h6 8. Nxf5 Nxf5 9. Nd2 c5 10. Nf3 cxd4 11. Nxd4 Nxd4 12. Qxd4 Bc5 13. Qf4 Qc7 14. Bb5 0-0 15. Qg3 Kh8 16. Re1 a6 17. Bd3 Bd4 18. Bxh6 Bxe5 19. Qh4 Bxh2+ 20. Kh1 Kg8 21. Qg5 Be5 22. Re3 Bf6 23. Qh5 1-0

[Event "Titled Tuesday intern op 16th Jan Early"]
[White "Uzuner, Tufan Can"]
[Black "Andreev, Konstantin1"]
[Site "Chess.com INT"]
[Round "5"]
[Result "0-1"]
[Date "2024.01.16"]
[WhiteElo "1825"]
[BlackElo "2224"]
[PlyCount "60"]
[EventDate "2024.01.16"]
[EventType "swiss (blitz)"]
[EventRounds "11"]
[EventCountry "USA"]
[SourceTitle "CBM 218 Extra"]
[Source "ChessBase"]
[SourceDate "2024.03.31"]
[SourceVersion "1"]
[SourceVersionDate "2024.03.31"]
[SourceQuality "1"]

1. d4 Nf6 2. Nf3 d5 3. e3 c5 4. c4 e6 5. a3 b6 6. dxc5 Bxc5 7. b4 Be7 8. Bb2 0-0 9. cxd5 Nxd5 10. Bd3 Bb7 11. 0-0 Nd7 12. Nbd2 N7f6 13. Nc4 Rc8 14. Nce5 Qc7 15. Rc1 Qb8 16. Qe2 Rfd8 17. Ng5 Rf8 18. Rxc8 Qxc8 19. Rc1 Qa8 20. f3 h6 21. Ne4 Rd8 22. Nxf6+ Bxf6 23. Be4 Bg5 24. Bxd5 Bxd5 25. Rc7 Qb8 26. Rxf7 Bf6 27. Nd7 Qd6 28. Rxf6 gxf6 29. Nxf6+ Kf7 30. Qc2 e5 0-1

[Event "Titled Tuesday intern op 16th Jan Late"]
[White "Uzuner, Tufan Can"]
[Black "Reprintsev, Alexander"]
[Site "Chess.com INT"]
[Round "5"]
[Result "0-1"]
[Date "2024.01.16"]
[WhiteElo "1825"]
[BlackElo "2234"]
[PlyCount "60"]
[EventDate "2024.01.16"]
[EventType "swiss (blitz)"]
[EventRounds "11"]
[EventCountry "USA"]
[SourceTitle "CBM 218 Extra"]
[Source "ChessBase"]
[SourceDate "2024.03.31"]
[SourceVersion "1"]
[SourceVersionDate "2024.03.31"]
[SourceQuality "1"]

1. d4 d5 2. Nf3 Nc6 3. Bf4 Bg4 4. e3 e6 5. Be2 Bd6 6. Bg5 f6 7. Bh4 g5 8. Bg3 h5 9. Bxd6 cxd6 10. h3 Bf5 11. a3 Qb6 12. b4 Nge7 13. Nbd2 Rc8 14. Bd3 Bxd3 15. cxd3 a5 16. bxa5 Qxa5 17. 0-0 Kf7 18. Rb1 Rc7 19. h4 g4 20. Ne1 Qxa3 21. f3 Rg8 22. f4 Nf5 23. Nc2 Qxd3 24. Rb3 Qa6 25. Re1 Na5 26. Ra3 Rgc8 27. Nb4 Qb5 28. Ra4 Nc4 29. Nxc4 Rxc4 30. Qd2 Qxa4 0-1

[Event "Titled Tuesday intern op 16th Jan Late"]
[White "Uzuner, Tufan Can"]
[Black "Van Roon, Sjoerd"]
[Site "Chess.com INT"]
[Round "2"]
[Result "1-0"]
[Date "2024.01.16"]
[WhiteElo "1825"]
[BlackElo "2242"]
[PlyCount "113"]
[EventDate "2024.01.16"]
[EventType "swiss (blitz)"]
[EventRounds "11"]
[EventCountry "USA"]
[SourceTitle "CBM 218 Extra"]
[Source "ChessBase"]
[SourceDate "2024.03.31"]
[SourceVersion "1"]
[SourceVersionDate "2024.03.31"]
[SourceQuality "1"]

1. d4 d5 2. Nf3 Nf6 3. e3 e6 4. Bd3 c5 5. c3 Nc6 6. Nbd2 Bd7 7. 0-0 Be7 8. Qe2 0-0 9. dxc5 Bxc5 10. e4 Rc8 11. e5 Ne8 12. Nb3 Be7 13. h4 Bxh4 14. Nxh4 Qxh4 15. g3 Qh3 16. Re1 f6 17. exf6 Nxf6 18. Qf1 e5 19. Qxh3 Bxh3 20. Be3 b6 21. Bg5 e4 22. Bb5 Ne5 23. Nd4 Nfg4 24. Bf4 g5 25. Bxe5 Rxf2 26. Bf1 Bxf1 27. Rxf1 Rxf1+ 28. Rxf1 Nxe5 29. Rf5 Nf7 30. Rxd5 Re8 31. Kf2 Ne5 32. Ke2 h6 33. Nf5 Kh7 34. Rd6 Nf7 35. Rd7 Kg6 36. Ne3 a5 37. Rb7 Re6 38. c4 Ne5 39. b3 Nd3 40. Nd5 Nc1+ 41. Ke3 Nxa2 42. Nxb6 Nc1 43. Nd5 h5 44. Rb5 Re8 45. Rxa5 Nxb3 46. Ra6+ Kg7 47. Ra7+ Kf8 48. Nf6 Re6 49. Nxh5 Rh6 50. g4 Rd6 51. Kxe4 Nc5+ 52. Ke5 Rd2 53. Kf5 Nd3 54. Kxg5 Ne5 55. Nf6 Nxc4 56. Kg6 Rd8 57. Rf7# 1-0

[Event "Titled Tuesday intern op 12th Apr Early"]
[White "Ljukin, Sergei"]
[Black "Uzuner, Tufan Can"]
[Site "Chess.com INT"]
[Round "1"]
[Result "1-0"]
[Date "2022.04.12"]
[WhiteElo "2362"]
[BlackElo "1869"]
[PlyCount "103"]
[EventDate "2022.04.12"]
[EventType "swiss (blitz)"]
[EventRounds "11"]
[EventCountry "USA"]
[SourceTitle "CBM 207 Extra"]
[Source "ChessBase"]
[SourceDate "2022.05.31"]
[SourceVersion "1"]
[SourceVersionDate "2022.05.31"]
[SourceQuality "1"]

1. e4 c6 2. d4 d5 3. e5 Bf5 4. Nd2 h5 5. Nb3 e6 6. Nf3 Be7 7. Be2 g5 8. h3 Nd7 9. Be3 Nh6 10. Qd2 g4 11. Bxh6 gxf3 12. Bxf3 Qb6 13. 0-0-0 Bg6 14. Bg5 Bb4 15. c3 Bf8 16. Be2 a5 17. Bd3 a4 18. Na1 a3 19. b3 Bxd3 20. Qxd3 c5 21. Nc2 c4 22. bxc4 Qb2+ 23. Kd2 Qxa2 24. c5 Bxc5 25. dxc5 Nxe5 26. Qb5+ Kf8 27. Rc1 Nc4+ 28. Ke2 Rg8 29. h4 Qb2 30. Qxb2 axb2 31. Rb1 Ra2 32. g3 Kg7 33. Be3 Na3 34. Nxa3 Rxa3 35. Rxb2 Rxc3 36. Bd4+ Kg6 37. Bxc3 Ra8 38. Bd2 Ra3 39. Rc1 Ra7 40. Rc3 d4 41. Rcb3 e5 42. Rxb7 Ra1 43. c6 Ra6 44. c7 Rc6 45. R2b6 Kf5 46. Rxc6 f6 47. c8Q+ Ke4 48. Rc5 d3+ 49. Kf1 Kf3 50. Qc6+ e4 51. Qd5 f5 52. Qxf5# 1-0

[Event "Titled Tuesday intern op 12th Apr Early"]
[White "Uzuner, Tufan Can"]
[Black "Gaehwiler, Gabriel"]
[Site "Chess.com INT"]
[Round "9"]
[Result "1-0"]
[Date "2022.04.12"]
[WhiteElo "1869"]
[BlackElo "2421"]
[PlyCount "47"]
[EventDate "2022.04.12"]
[EventType "swiss (blitz)"]
[EventRounds "11"]
[EventCountry "USA"]
[SourceTitle "CBM 207 Extra"]
[Source "ChessBase"]
[SourceDate "2022.05.31"]
[SourceVersion "1"]
[SourceVersionDate "2022.05.31"]
[SourceQuality "1"]

1. d4 c6 2. Nf3 d6 3. g3 Nf6 4. Bg2 Nbd7 5. b3 g6 6. Bb2 Bg7 7. Nbd2 0-0 8. 0-0 Rb8 9. a4 Qc7 10. c4 b6 11. Qc2 Bb7 12. e4 e5 13. Rfe1 Rbc8 14. Rad1 Rfe8 15. b4 Qb8 16. dxe5 Nxe5 17. Nxe5 dxe5 18. c5 Ba6 19. Nc4 Bxc4 20. Qxc4 b5 21. axb5 cxb5 22. Qa2 Rc6 23. Rd2 Nd7 24. Rxd7 1-0

[Event "Titled Tuesday intern op 12th Apr Early"]
[White "Uzuner, Tufan Can"]
[Black "Yeletsky, Ivan"]
[Site "Chess.com INT"]
[Round "3"]
[Result "1-0"]
[Date "2022.04.12"]
[WhiteElo "1869"]
[BlackElo "2460"]
[PlyCount "87"]
[EventDate "2022.04.12"]
[EventType "swiss (blitz)"]
[EventRounds "11"]
[EventCountry "USA"]
[SourceTitle "CBM 207 Extra"]
[Source "ChessBase"]
[SourceDate "2022.05.31"]
[SourceVersion "1"]
[SourceVersionDate "2022.05.31"]
[SourceQuality "1"]

1. d4 Nf6 2. Nf3 d5 3. e3 Bf5 4. Bd3 e6 5. Bxf5 exf5 6. c4 Bb4+ 7. Bd2 a5 8. Qc2 dxc4 9. Qxf5 0-0 10. 0-0 c6 11. a4 Qd5 12. Qc2 Nbd7 13. Na3 b5 14. Rfe1 Ne4 15. Re2 h6 16. Be1 Nb6 17. axb5 cxb5 18. Nxb5 Rfc8 19. Nc3 Bxc3 20. Bxc3 Nd7 21. Nd2 f5 22. f3 Nxd2 23. Qxd2 a4 24. e4 fxe4 25. fxe4 Qg5 26. Qxg5 hxg5 27. d5 Nc5 28. e5 Nd3 29. d6 Re8 30. e6 Nf4 31. Rae1 Nxe2+ 32. Rxe2 Rad8 33. d7 Re7 34. Bb4 Rexd7 35. exd7 Rxd7 36. Kf2 Rd3 37. Rc2 Rb3 38. Ba3 Rb7 39. Rxc4 Ra7 40. h3 Kf7 41. Kf3 Kg6 42. Rc6+ Kf5 43. Rc5+ Kg6 44. Kg4 1-0

[Event "TUR Cup"]
[White "Uzuner, Tufan Can"]
[Black "Hanci, Ilker"]
[Site "Antalya"]
[Round "9"]
[Result "1-0"]
[Date "2020.01.31"]
[WhiteElo "1939"]
[BlackElo "1571"]
[PlyCount "135"]
[EventDate "2020.01.26"]
[EventType "swiss"]
[EventRounds "11"]
[EventCountry "TUR"]
[SourceTitle "CBM 194 Extra"]
[Source "ChessBase"]
[SourceDate "2020.03.31"]
[SourceVersion "1"]
[SourceVersionDate "2020.03.31"]
[SourceQuality "1"]

1. d4 Nf6 2. Nf3 g6 3. c4 Bg7 4. Nc3 d5 5. h4 h5 6. cxd5 Nxd5 7. e4 Nxc3 8. bxc3 c5 9. Be3 Qa5 10. Qd2 0-0 11. Rb1 a6 12. c4 Qxd2+ 13. Kxd2 cxd4 14. Bxd4 Rd8 15. Ke3 Bh6+ 16. Ke2 Nc6 17. Bb6 Rd6 18. c5 Re6 19. Kd3 Rxe4 20. Kxe4 Bf5+ 21. Kd5 Bxb1 22. a3 Bg7 23. Be2 Ba2+ 24. Ke4 f5+ 25. Kf4 e5+ 26. Kg3 Nd4 27. Nxd4 exd4 28. Bf3 Rb8 29. Rd1 Bb3 30. Rd2 Be5+ 31. Kh3 Kf7 32. g3 Be6 33. Kg2 Bd7 34. Bd5+ Kf8 35. f4 Bf6 36. Bc7 Rc8 37. Bd6+ Kg7 38. Bxb7 Bc6+ 39. Bxc6 Rxc6 40. Kf1 Kf7 41. Ke2 Be7 42. Rxd4 Bxd6 43. cxd6 Ke8 44. d7+ Kd8 45. Kd2 Rb6 46. Kc3 Re6 47. Rd3 Re4 48. Rd4 Re3+ 49. Rd3 Re4 50. Kb3 a5 51. Kc2 Ra4 52. Kb2 Re4 53. Kb3 a4+ 54. Kc3 Re6 55. Kb4 Re4+ 56. Kb5 g5 57. hxg5 h4 58. gxh4 Rxf4 59. Rg3 Rxh4 60. g6 Rh8 61. g7 Rg8 62. Kc6 f4 63. Rg4 f3 64. Rxa4 f2 65. Ra8+ Ke7 66. Rxg8 f1Q 67. d8Q+ Ke6 68. Qd6+ 1-0